[Event "Titled Tuesday intern op 30th June"]
[Site "Chess.com INT"]
[Date "2020.06.30"]
[Round "6"]
[White "Shimanov, Aleksandr"]
[Black "Caruana, Fabiano"]
[Result "1-0"]
[WhiteElo "2593"]
[BlackElo "2835"]
[PlyCount "89"]
[EventDate "2020.06.30"]
[EventType "swiss (blitz)"]
[EventRounds "10"]
[EventCountry "USA"]
[SourceTitle "CBM 197 Extra"]
[Source "ChessBase"]
[SourceDate "2020.09.30"]
[SourceVersion "1"]
[SourceVersionDate "2020.09.30"]
[SourceQuality "1"]

1. d4 Nf6 2. Nf3 d5 3. Bg5 Ne4 4. Bf4 Bf5 5. e3 e6 6. Bd3 Nd7 7. Nbd2 Be7 8. h4
h6 9. Bxe4 dxe4 10. Ne5 Nxe5 11. Bxe5 f6 12. Bg3 h5 13. Qe2 Qd7 14. Qc4 Bd6 15.
Bxd6 Qxd6 16. a3 O-O 17. O-O Rac8 18. Qb4 Qc6 19. c4 b6 20. Qc3 Qd7 21. b4 Kh7
22. f3 exf3 23. Rxf3 Rfd8 24. c5 Qd5 25. Re1 Bg4 26. Rf2 bxc5 27. bxc5 Rb8 28.
Qc2+ Kg8 29. Qg6 Rb2 30. Ref1 Bf5 31. Qg3 Bd3 32. Re1 e5 33. dxe5 Qxe5 34. Qxe5
fxe5 35. Nf3 Rxf2 36. Kxf2 Rd5 37. Rc1 Kf7 38. e4 Rd8 39. Nxe5+ Ke6 40. Nc6
Rf8+ 41. Ke3 Bf1 42. Nd4+ Kd7 43. c6+ Kc8 44. Ne6 Rf7 45. Rd1 1-0

[Event "Titled Tuesday intern op 30th June"]
[Site "Chess.com INT"]
[Date "2020.06.30"]
[Round "7"]
[White "Caruana, Fabiano"]
[Black "Licznerski, Lukasz"]
[Result "1-0"]
[WhiteElo "2835"]
[BlackElo "2369"]
[PlyCount "79"]
[EventDate "2020.06.30"]
[EventType "swiss (blitz)"]
[EventRounds "10"]
[EventCountry "USA"]
[SourceTitle "CBM 197 Extra"]
[Source "ChessBase"]
[SourceDate "2020.09.30"]
[SourceVersion "1"]
[SourceVersionDate "2020.09.30"]
[SourceQuality "1"]

1. e4 c6 2. d4 d5 3. Nc3 dxe4 4. Nxe4 Nd7 5. Nf3 Ngf6 6. Nxf6+ Nxf6 7. h3 Bf5
8. Bd3 e6 9. Bxf5 Qa5+ 10. c3 Qxf5 11. O-O Bd6 12. Bd2 O-O 13. Qb1 Qxb1 14.
Raxb1 c5 15. Be3 Nd5 16. Nd2 cxd4 17. Bxd4 e5 18. Be3 Nxe3 19. fxe3 Bc5 20. Kf2
Rac8 21. Ke2 f6 22. a4 Kf7 23. Rbd1 Ke6 24. e4 Be7 25. Rf3 Rfd8 26. Rd3 Rxd3
27. Kxd3 a6 28. a5 g6 29. Re1 f5 30. Nf3 f4 31. Kc2 Rd8 32. b4 g5 33. Rb1 h5
34. b5 g4 35. hxg4 hxg4 36. Nh2 Rg8 37. bxa6 bxa6 38. Rb6+ Kf7 39. Nf1 Bc5 40.
Rc6 1-0

[Event "Titled Tuesday intern op 30th June"]
[Site "Chess.com INT"]
[Date "2020.06.30"]
[Round "8"]
[White "Harsha, Bharathakoti"]
[Black "Caruana, Fabiano"]
[Result "0-1"]
[WhiteElo "2509"]
[BlackElo "2835"]
[PlyCount "84"]
[EventDate "2020.06.30"]
[EventType "swiss (blitz)"]
[EventRounds "10"]
[EventCountry "USA"]
[SourceTitle "CBM 197 Extra"]
[Source "ChessBase"]
[SourceDate "2020.09.30"]
[SourceVersion "1"]
[SourceVersionDate "2020.09.30"]
[SourceQuality "1"]

1. d4 Nf6 2. c4 e6 3. Nf3 d5 4. Nc3 a6 5. cxd5 exd5 6. Qb3 c6 7. Bg5 Be7 8. e3
O-O 9. Bd3 Nbd7 10. O-O Re8 11. Qc2 h6 12. Bh4 Ne4 13. Bxe7 Qxe7 14. Rab1 Ndf6
15. Ne5 Nd6 16. b4 Ng4 17. Nxg4 Bxg4 18. Rfe1 Qg5 19. Ne2 h5 20. Nf4 h4 21. h3
Bf5 22. Bxf5 Nxf5 23. Qd1 Nd6 24. Qg4 Qxg4 25. hxg4 Nc4 26. Rb3 b5 27. Nd3 a5
28. bxa5 Rxa5 29. Nb4 Re6 30. Kh2 Ra4 31. Re2 g5 32. Rc2 Kg7 33. g3 hxg3+ 34.
Kxg3 Ra8 35. Rc1 Rh8 36. Rd3 Reh6 37. Kf3 Rf6+ 38. Kg3 Nd6 39. f3 Rfh6 40. Kf2
Rh2+ 41. Ke1 Rg2 42. Kf1 Rb2 0-1

[Event "Titled Tuesday intern op 30th June"]
[Site "Chess.com INT"]
[Date "2020.06.30"]
[Round "9"]
[White "Caruana, Fabiano"]
[Black "Deac, Bogdan Daniel"]
[Result "1/2-1/2"]
[WhiteElo "2835"]
[BlackElo "2625"]
[PlyCount "85"]
[EventDate "2020.06.30"]
[EventType "swiss (blitz)"]
[EventRounds "10"]
[EventCountry "USA"]
[SourceTitle "CBM 197 Extra"]
[Source "ChessBase"]
[SourceDate "2020.09.30"]
[SourceVersion "1"]
[SourceVersionDate "2020.09.30"]
[SourceQuality "1"]

1. e4 e5 2. Nf3 Nc6 3. Bb5 Nf6 4. d3 Bc5 5. Ba4 O-O 6. O-O d5 7. exd5 Qxd5 8.
Nc3 Qd6 9. h3 Nd4 10. Bg5 h6 11. Bh4 c6 12. Re1 Re8 13. Bb3 Bf5 14. Bg3 Nd7 15.
Ne4 Bxe4 16. dxe4 Nxb3 17. axb3 Qe6 18. c3 a5 19. Qc2 Bf8 20. Kh1 f6 21. Nd2
Nc5 22. Red1 Red8 23. f3 b5 24. Bf2 Nd3 25. Bg1 Bc5 26. Nf1 Bxg1 27. Rxd3 Rxd3
28. Qxd3 Bb6 29. Qc2 Rd8 30. Rd1 Rd6 31. Kh2 Qd7 32. Rd2 Rxd2 33. Nxd2 Qd6 34.
b4 axb4 35. cxb4 Qxb4 36. Qxc6 Qxd2 37. Qxb6 Qxb2 38. Qe6+ Kh7 39. Qf5+ Kh8 40.
Qc8+ Kh7 41. Qf5+ Kh8 42. Qc8+ Kh7 43. Qf5+ 1/2-1/2

[Event "Titled Tuesday intern op 30th June"]
[Site "Chess.com INT"]
[Date "2020.06.30"]
[Round "10"]
[White "Mikhalevski, Victor"]
[Black "Caruana, Fabiano"]
[Result "0-1"]
[WhiteElo "2565"]
[BlackElo "2835"]
[PlyCount "60"]
[EventDate "2020.06.30"]
[EventType "swiss (blitz)"]
[EventRounds "10"]
[EventCountry "USA"]
[SourceTitle "CBM 197 Extra"]
[Source "ChessBase"]
[SourceDate "2020.09.30"]
[SourceVersion "1"]
[SourceVersionDate "2020.09.30"]
[SourceQuality "1"]

1. d4 Nf6 2. c4 d6 3. Nf3 g6 4. Nc3 Bf5 5. Nh4 Bd7 6. e4 e5 7. d5 Bg7 8. Nf3
O-O 9. Be2 a5 10. O-O Na6 11. Ne1 Nc5 12. f3 Nh5 13. g3 f5 14. Nd3 Nxd3 15.
Bxd3 f4 16. Ne2 b6 17. Bd2 Bh3 18. Rf2 g5 19. Kh1 g4 20. gxf4 exf4 21. Qg1 gxf3
22. Rxf3 Qh4 23. Bc3 Bg4 24. Raf1 Bxf3+ 25. Rxf3 Kh8 26. Be1 Qe7 27. Rh3 f3 28.
Nd4 Nf4 29. Rxf3 Nxd3 30. Nf5 Rxf5 0-1

[Event "Titled Tuesday intern op 7th July"]
[Site "Chess.com INT"]
[Date "2020.07.07"]
[Round "4"]
[White "Caruana, Fabiano"]
[Black "Stupak, Kirill"]
[Result "1-0"]
[WhiteElo "2835"]
[BlackElo "2520"]
[PlyCount "119"]
[EventDate "2020.07.07"]
[EventType "swiss (blitz)"]
[EventRounds "10"]
[EventCountry "USA"]
[SourceTitle "CBM 197 Extra"]
[Source "ChessBase"]
[SourceDate "2020.09.30"]
[SourceVersion "1"]
[SourceVersionDate "2020.09.30"]
[SourceQuality "1"]

1. e4 e6 2. d4 d5 3. Nc3 Bb4 4. exd5 exd5 5. Bd3 Nf6 6. Nge2 O-O 7. O-O Nbd7 8.
Bg5 c6 9. f3 h6 10. Bh4 Re8 11. Qd2 Bd6 12. Rae1 Nf8 13. Bg3 Ng6 14. Bxg6 fxg6
15. Nc1 Bf5 16. Nd3 Bxd3 17. Qxd3 Bxg3 18. hxg3 Qd6 19. Qxg6 Qb4 20. Qd3 Rxe1
21. Rxe1 Qxb2 22. Rb1 Qa3 23. Nxd5 Qxd3 24. Nxf6+ gxf6 25. cxd3 Rd8 26. Rxb7
Rxd4 27. Rb3 Ra4 28. a3 Kf7 29. Kf2 Ke6 30. Ke3 Kd5 31. g4 a5 32. Rc3 c5 33.
Rb3 Kc6 34. g3 Kd6 35. Rb6+ Ke7 36. Rb3 Kd6 37. f4 Ke7 38. Kd2 c4 39. dxc4 Rxc4
40. Rc3 Rd4+ 41. Kc2 Re4 42. Kd2 Rd4+ 43. Ke3 Ra4 44. Kf3 Kf8 45. Kg2 Kg7 46.
Kh3 Kg6 47. Kh4 Rd4 48. Rc7 f5 49. Rc6+ Kg7 50. gxf5 Rd3 51. a4 Ra3 52. Rc4 Kh7
53. Kg4 Kg7 54. Rd4 Kf7 55. Rd6 Kg7 56. Rg6+ Kh7 57. Kh5 Rxa4 58. Rxh6+ Kg7 59.
Kg5 Ra1 60. f6+ 1-0

[Event "Titled Tuesday intern op 7th July"]
[Site "Chess.com INT"]
[Date "2020.07.07"]
[Round "6"]
[White "Onischuk, Vladimir"]
[Black "Caruana, Fabiano"]
[Result "1/2-1/2"]
[WhiteElo "2633"]
[BlackElo "2835"]
[PlyCount "162"]
[EventDate "2020.07.07"]
[EventType "swiss (blitz)"]
[EventRounds "10"]
[EventCountry "USA"]
[SourceTitle "CBM 197 Extra"]
[Source "ChessBase"]
[SourceDate "2020.09.30"]
[SourceVersion "1"]
[SourceVersionDate "2020.09.30"]
[SourceQuality "1"]

1. e4 e5 2. Nf3 Nf6 3. Nxe5 d6 4. Nf3 Nxe4 5. Qe2 Qe7 6. d3 Nf6 7. Bg5 Qxe2+ 8.
Bxe2 Be7 9. Nc3 Nc6 10. O-O-O O-O 11. h3 h6 12. Bd2 Be6 13. g4 Nd5 14. Rhg1
Nxc3 15. Bxc3 a5 16. a4 Nb4 17. Kb1 c5 18. g5 h5 19. g6 Nd5 20. Bd2 fxg6 21.
Rxg6 Bxh3 22. Rdg1 Bg4 23. d4 Bf6 24. R6xg4 hxg4 25. Bc4 gxf3 26. Bxd5+ Rf7 27.
Rg3 Bxd4 28. Rxf3 Raf8 29. Bxa5 g6 30. Bd2 Kg7 31. Rxf7+ Rxf7 32. Bxf7 Kxf7 33.
f3 Ke6 34. c3 Bg1 35. Kc2 c4 36. Kd1 d5 37. Kc2 Ke5 38. b4 Ba7 39. Kd1 d4 40.
cxd4+ Kxd4 41. Kc2 Kd5 42. Bc3 Bb8 43. b5 Bd6 44. Be1 Bc7 45. Bf2 Ba5 46. Be3
Bc7 47. Bd2 Bd6 48. a5 Kc5 49. a6 bxa6 50. bxa6 Kb6 51. Kc3 Kxa6 52. Kxc4 Kb7
53. Kd5 Bh2 54. Ke6 Kc6 55. Kf7 Kd5 56. Kxg6 Kd4 57. Kf5 Bc7 58. Bf4 Bd8 59.
Be5+ Ke3 60. f4 Kf3 61. Ke6 Ke4 62. f5 Bh4 63. Bf6 Be1 64. Be5 Bh4 65. Bb2 Bd8
66. Bc1 Bh4 67. Bh6 Bd8 68. Bg7 Bh4 69. Bf6 Be1 70. Bg5 Bc3 71. Bh4 Bd4 72. Bg3
Bc3 73. Bf2 Bb2 74. Bc5 Bc3 75. Be7 Bd4 76. Bf6 Bf2 77. Bc3 Bh4 78. Ba5 Bg5 79.
Bb4 Bh4 80. Be7 Bxe7 81. Kxe7 Kxf5 1/2-1/2

[Event "Titled Tuesday intern op 7th July f"]
[Site "Chess.com INT"]
[Date "2020.07.07"]
[Round "1.1"]
[White "Caruana, Fabiano"]
[Black "Sadhwani, Raunak"]
[Result "0-1"]
[WhiteElo "2835"]
[BlackElo "2545"]
[PlyCount "120"]
[EventDate "2020.07.07"]
[EventType "k.o. (blitz)"]
[EventRounds "3"]
[EventCountry "USA"]
[SourceTitle "CBM 197 Extra"]
[Source "ChessBase"]
[SourceDate "2020.09.30"]
[SourceVersion "1"]
[SourceVersionDate "2020.09.30"]
[SourceQuality "1"]

1. d4 f5 2. Nc3 Nf6 3. Bg5 d5 4. e3 Be6 5. Bd3 Nbd7 6. Nf3 g6 7. h4 Bg7 8. Ne2
Nh5 9. Nf4 Nxf4 10. Bxf4 h6 11. c3 Bf7 12. Qb3 Qc8 13. c4 c6 14. cxd5 Bxd5 15.
Bc4 Bxc4 16. Qxc4 Nb6 17. Qb3 Nd5 18. Ne5 Bxe5 19. Bxe5 O-O 20. O-O Kh7 21.
Rae1 h5 22. f3 Qd7 23. Qc2 Nf6 24. b4 a5 25. bxa5 Rxa5 26. Qf2 Rfa8 27. Re2 Qe6
28. Rb1 b5 29. Rbb2 Nd5 30. Rb3 c5 31. e4 fxe4 32. fxe4 Nb4 33. Rf3 Kg8 34. Qg3
cxd4 35. Bxd4 Rxa2 36. Rxa2 Nxa2 37. Rf6 Qxe4 38. Rxg6+ Kf7 39. Rg7+ Ke6 40.
Bc5 Re8 41. Qb3+ Qc4 42. Qe3+ Kd5 43. Rg5+ Kc6 44. Ba7 Qc1+ 45. Qxc1+ Nxc1 46.
Rxh5 Ne2+ 47. Kf2 Nf4 48. Rf5 e5 49. Be3 Nd5 50. Bc1 e4 51. Bb2 e3+ 52. Ke2 Rg8
53. Rg5 Rf8 54. Bd4 Rf2+ 55. Ke1 Rc2 56. Rg6+ Kd7 57. Rg7+ Ke6 58. Rg6+ Kf5 59.
Rg8 Ke4 60. Rg4+ Kd3 0-1

[Event "Titled Tuesday intern op 14th July f"]
[Site "Chess.com INT"]
[Date "2020.07.14"]
[Round "1.1"]
[White "Caruana, Fabiano"]
[Black "Karjakin, Sergey"]
[Result "1-0"]
[WhiteElo "2835"]
[BlackElo "2752"]
[PlyCount "81"]
[EventDate "2020.07.14"]
[EventType "k.o. (blitz)"]
[EventRounds "3"]
[EventCountry "USA"]
[SourceTitle "CBM 197 Extra"]
[Source "ChessBase"]
[SourceDate "2020.09.30"]
[SourceVersion "1"]
[SourceVersionDate "2020.09.30"]
[SourceQuality "1"]

1. c4 Nf6 2. Nc3 e5 3. Nf3 Nc6 4. e3 d5 5. cxd5 Nxd5 6. Bb5 Nxc3 7. bxc3 Bd6 8.
d4 Bd7 9. O-O O-O 10. Nd2 Na5 11. Bd3 Re8 12. Bb2 b6 13. g3 Qf6 14. Qh5 g6 15.
Qe2 Rad8 16. Rfe1 c5 17. Ne4 Qe7 18. Nxd6 Qxd6 19. dxe5 Qxe5 20. c4 Qe6 21. Qc2
Bc6 22. e4 Bb7 23. Rad1 Nc6 24. Bf1 Nd4 25. Bxd4 Rxd4 26. Rxd4 cxd4 27. f3 Qd6
28. Bd3 Rc8 29. Qa4 a5 30. Qb3 Rc6 31. e5 Qc7 32. Be4 Rc5 33. Bxb7 Qxb7 34. Qd3
Qd7 35. Re4 Qa4 36. Qxd4 Qxa2 37. e6 fxe6 38. Rxe6 Qb1+ 39. Kf2 Rc8 40. Qd5
Qc2+ 41. Re2+ 1-0

[Event "Titled Tuesday intern op 14th July f"]
[Site "Chess.com INT"]
[Date "2020.07.14"]
[Round "2.1"]
[White "Sjugirov, Sanan"]
[Black "Caruana, Fabiano"]
[Result "0-1"]
[WhiteElo "2675"]
[BlackElo "2835"]
[PlyCount "88"]
[EventDate "2020.07.14"]
[EventType "k.o. (blitz)"]
[EventRounds "3"]
[EventCountry "USA"]
[SourceTitle "CBM 197 Extra"]
[Source "ChessBase"]
[SourceDate "2020.09.30"]
[SourceVersion "1"]
[SourceVersionDate "2020.09.30"]
[SourceQuality "1"]

1. d4 Nf6 2. c4 e6 3. Nf3 d5 4. Nc3 a6 5. cxd5 exd5 6. Bg5 Be6 7. e3 Nbd7 8.
Bd3 Bd6 9. O-O c6 10. Bf4 Qc7 11. Bxd6 Qxd6 12. h3 O-O 13. Qc2 g6 14. Na4 Qe7
15. Rfc1 Ne8 16. Nc5 Nd6 17. Nxd7 Bxd7 18. Rab1 Bf5 19. Bxf5 Nxf5 20. Ne5 Nd6
21. Nd3 Rfe8 22. Nc5 Qg5 23. Qe2 h5 24. Qf3 Re7 25. Rc2 Rae8 26. b3 Nf5 27. Nd3
Nh4 28. Qg3 Qxg3 29. fxg3 Nf5 30. Re1 Rxe3 31. Rxe3 Rxe3 32. Nc5 Re7 33. g4
hxg4 34. hxg4 Nxd4 35. Rf2 a5 36. Kh2 g5 37. a3 Kg7 38. b4 axb4 39. axb4 b6 40.
Na4 b5 41. Nc5 Re2 42. Rf1 Nc2 43. Rf5 f6 44. Nd7 Ne3 0-1

[Event "Titled Tuesday intern op 14th July f"]
[Site "Chess.com INT"]
[Date "2020.07.14"]
[Round "2.2"]
[White "Caruana, Fabiano"]
[Black "Sjugirov, Sanan"]
[Result "0-1"]
[WhiteElo "2835"]
[BlackElo "2675"]
[PlyCount "92"]
[EventDate "2020.07.14"]
[EventType "k.o. (blitz)"]
[EventRounds "3"]
[EventCountry "USA"]
[SourceTitle "CBM 197 Extra"]
[Source "ChessBase"]
[SourceDate "2020.09.30"]
[SourceVersion "1"]
[SourceVersionDate "2020.09.30"]
[SourceQuality "1"]

1. e4 c5 2. Nf3 Nc6 3. Bb5 g6 4. O-O Bg7 5. c3 Nf6 6. Re1 O-O 7. h3 d5 8. e5
Ne8 9. d4 Nc7 10. Bxc6 bxc6 11. dxc5 a5 12. Be3 Ba6 13. Nbd2 Qb8 14. Qc2 Ne6
15. Nb3 Qc7 16. a4 Rab8 17. Rad1 Rb7 18. Nfd4 Nxd4 19. Nxd4 Bxe5 20. Qd2 Rfb8
21. b3 Bxd4 22. cxd4 Qd8 23. Bf4 Ra8 24. Re3 Rba7 25. Rde1 Bc8 26. Bg5 Be6 27.
Qe2 Qd7 28. Qf3 Rb7 29. Qg3 Qc7 30. Qh4 Qd8 31. Qg3 Qb8 32. Bf4 Qf8 33. Bg5 Re8
34. h4 Bc8 35. Qe5 Be6 36. h5 Qg7 37. Qf4 Reb8 38. Qh4 Rxb3 39. Rxb3 Rxb3 40.
Bxe7 Qh6 41. Bd6 g5 42. Qh2 Qf6 43. Be5 Qf5 44. h6 Rb1 45. Rf1 Qd3 46. Rxb1
Qxb1# 0-1

[Event "Titled Tuesday intern op 14th July f"]
[Site "Chess.com INT"]
[Date "2020.07.14"]
[Round "2.3"]
[White "Caruana, Fabiano"]
[Black "Sjugirov, Sanan"]
[Result "1/2-1/2"]
[WhiteElo "2835"]
[BlackElo "2675"]
[PlyCount "100"]
[EventDate "2020.07.14"]
[EventType "k.o. (blitz)"]
[EventRounds "3"]
[EventCountry "USA"]
[SourceTitle "CBM 197 Extra"]
[Source "ChessBase"]
[SourceDate "2020.09.30"]
[SourceVersion "1"]
[SourceVersionDate "2020.09.30"]
[SourceQuality "1"]

1. d4 Nf6 2. Nf3 e6 3. g3 b6 4. Bg2 Bb7 5. O-O Be7 6. c4 O-O 7. Nc3 Ne4 8. Bd2
Nxd2 9. Qxd2 d6 10. e4 Nd7 11. Rad1 a6 12. Rfe1 Qe8 13. h4 g6 14. h5 Bf6 15.
Bh3 Bg7 16. d5 e5 17. h6 Bh8 18. Ng5 Qe7 19. Rf1 Nf6 20. Rde1 b5 21. cxb5 axb5
22. a3 Ba6 23. b4 Bb7 24. Nxb5 Ba6 25. a4 Rfb8 26. Rc1 Rb7 27. Rc4 Bxb5 28.
axb5 Rxb5 29. Rfc1 Rb7 30. Qc2 Raa7 31. b5 Nxd5 32. exd5 Qxg5 33. b6 Rxb6 34.
Rxc7 Rxc7 35. Qxc7 Qxh6 36. Qd8+ Kg7 37. Rc8 Qxh3 38. Qxb6 Qxc8 39. Qxd6 Qc1+
40. Kg2 Qc4 41. Qd7 Qe4+ 42. Kg1 Qe1+ 43. Kg2 Qe4+ 44. Kg1 Qd3 45. d6 e4 46.
Qe7 Qd1+ 47. Kg2 Qf3+ 48. Kg1 Qd1+ 49. Kh2 Qf3 50. Kg1 Qd1+ 1/2-1/2

[Event "Titled Tuesday intern op 14th July f"]
[Site "Chess.com INT"]
[Date "2020.07.14"]
[Round "2.4"]
[White "Sjugirov, Sanan"]
[Black "Caruana, Fabiano"]
[Result "1-0"]
[WhiteElo "2675"]
[BlackElo "2835"]
[PlyCount "67"]
[EventDate "2020.07.14"]
[EventType "k.o. (blitz)"]
[EventRounds "3"]
[EventCountry "USA"]
[SourceTitle "CBM 197 Extra"]
[Source "ChessBase"]
[SourceDate "2020.09.30"]
[SourceVersion "1"]
[SourceVersionDate "2020.09.30"]
[SourceQuality "1"]

1. d4 e6 2. c4 Nf6 3. Nf3 d5 4. Nc3 a6 5. cxd5 exd5 6. Bg5 Be6 7. e3 Nbd7 8.
Bd3 Bd6 9. Bf4 Bxf4 10. exf4 g6 11. O-O O-O 12. h3 Ne8 13. Re1 Nd6 14. Ne5 Nb6
15. Qf3 Re8 16. Ne2 Qf6 17. Ng3 c6 18. b3 Nf5 19. Nxf5 Bxf5 20. Bxf5 Qxf5 21.
Re3 h5 22. Rae1 Re6 23. Nd3 Rae8 24. Nc5 Rxe3 25. Rxe3 Rxe3 26. Qxe3 Qb1+ 27.
Kh2 Qxa2 28. Nxb7 Qc2 29. Nd6 Kh7 30. Qe7 Qxf2 31. Qxf7+ Kh8 32. Ne8 Qxd4 33.
Qf8+ Kh7 34. Nf6+ 1-0

[Event "Titled Tuesday intern op 4th Aug 10am"]
[Site "Chess.com INT"]
[Date "2020.08.04"]
[Round "1"]
[White "Jenni, Florian"]
[Black "Caruana, Fabiano"]
[Result "0-1"]
[WhiteElo "2456"]
[BlackElo "2835"]
[PlyCount "74"]
[EventDate "2020.08.04"]
[EventType "swiss (blitz)"]
[EventRounds "10"]
[EventCountry "USA"]
[SourceTitle "CBM 197 Extra"]
[Source "ChessBase"]
[SourceDate "2020.09.30"]
[SourceVersion "1"]
[SourceVersionDate "2020.09.30"]
[SourceQuality "1"]

1. e4 e6 2. Nf3 d5 3. e5 c5 4. b4 cxb4 5. a3 Nc6 6. d4 Nh6 7. Bxh6 gxh6 8. axb4
Bxb4+ 9. c3 Be7 10. Qc1 Bg5 11. Qc2 f5 12. exf6 Qxf6 13. Bd3 Bf4 14. Bxh7 Bd7
15. Bg6+ Ke7 16. Bd3 Rag8 17. g3 Bxg3 18. hxg3 Qxf3 19. Rh2 h5 20. Nd2 Qf6 21.
Qb2 h4 22. Qa3+ Ke8 23. Rxh4 Rxh4 24. gxh4 Rg1+ 25. Nf1 e5 26. dxe5 Nxe5 27.
Be2 Nf3+ 28. Bxf3 Qxf3 29. Qc5 Rxf1+ 30. Kxf1 Qh1+ 31. Ke2 Qxa1 32. h5 Qb2+ 33.
Kf3 Qd2 34. Qd6 Qxc3+ 35. Kf4 Qd4+ 36. Kg5 Qg7+ 37. Kh4 Qe7+ 0-1

[Event "Titled Tuesday intern op 4th Aug 10am"]
[Site "Chess.com INT"]
[Date "2020.08.04"]
[Round "2"]
[White "Caruana, Fabiano"]
[Black "Gelman, Alexander"]
[Result "1-0"]
[WhiteElo "2835"]
[BlackElo "2403"]
[PlyCount "123"]
[EventDate "2020.08.04"]
[EventType "swiss (blitz)"]
[EventRounds "10"]
[EventCountry "USA"]
[SourceTitle "CBM 197 Extra"]
[Source "ChessBase"]
[SourceDate "2020.09.30"]
[SourceVersion "1"]
[SourceVersionDate "2020.09.30"]
[SourceQuality "1"]

1. d4 Nf6 2. c4 c5 3. d5 b5 4. Qc2 b4 5. e4 d6 6. f4 g6 7. Nf3 Bg7 8. Bd3 O-O
9. O-O Nbd7 10. h3 e6 11. Be3 Bb7 12. Nbd2 Qc7 13. Rae1 Rae8 14. g4 h6 15. Bf2
e5 16. f5 Nh7 17. h4 Bf6 18. Be3 g5 19. Rf2 Kg7 20. Rh2 Qd8 21. hxg5 Nxg5 22.
Kg2 Rh8 23. Reh1 Rh7 24. Qc1 Reh8 25. Rh5 a5 26. Nf1 Nf8 27. Ng3 Kg8 28. Nxg5
hxg5 29. Bxg5 Rxh5 30. Rxh5 Rxh5 31. Bxf6 Qxf6 32. Nxh5 Qh4 33. Be2 Nh7 34. Qh6
Qg5 35. Qxg5+ Nxg5 36. Bd3 Kf8 37. Ng3 Bc8 38. Nf1 f6 39. Kg3 Kg7 40. Nd2 a4
41. Bc2 Bd7 42. Kf2 Kh6 43. Ke3 Kg7 44. Nf1 Kh6 45. Ng3 Kg7 46. Bd1 Nh7 47. Nf1
Kh6 48. Kf2 Kg5 49. Kg3 Kh6 50. Nd2 Ng5 51. Bc2 Kg7 52. Kf2 Kh6 53. Ke3 Kg7 54.
a3 b3 55. Bxb3 axb3 56. Nxb3 Kf7 57. Na5 Ke7 58. b4 Kd8 59. bxc5 dxc5 60. Nb7+
Kc7 61. Nxc5 Ba4 62. Nxa4 1-0

[Event "Titled Tuesday intern op 4th Aug 10am"]
[Site "Chess.com INT"]
[Date "2020.08.04"]
[Round "3"]
[White "Iniyan, Panneerseluam"]
[Black "Caruana, Fabiano"]
[Result "1-0"]
[WhiteElo "2506"]
[BlackElo "2835"]
[PlyCount "81"]
[EventDate "2020.08.04"]
[EventType "swiss (blitz)"]
[EventRounds "10"]
[EventCountry "USA"]
[SourceTitle "CBM 197 Extra"]
[Source "ChessBase"]
[SourceDate "2020.09.30"]
[SourceVersion "1"]
[SourceVersionDate "2020.09.30"]
[SourceQuality "1"]

1. e4 e5 2. Nf3 Nc6 3. Bb5 a6 4. Ba4 Nf6 5. O-O Be7 6. Re1 b5 7. Bb3 d6 8. c3
O-O 9. h3 Na5 10. Bc2 c5 11. d4 Nd7 12. Nbd2 exd4 13. cxd4 Nc6 14. d5 Nce5 15.
Nxe5 Nxe5 16. f4 Ng6 17. Nf3 Bh4 18. Rf1 Bg3 19. e5 Nxf4 20. exd6 Ng6 21. Ng5
Bh4 22. Nxh7 Re8 23. Qh5 Re5 24. Qf3 f5 25. Qh5 Qxd6 26. Bg5 Bxg5 27. Nxg5 Qf6
28. Rae1 Rxe1 29. Rxe1 Bd7 30. Qh7+ Kf8 31. Ne6+ Kf7 32. Bxf5 Nf8 33. Nxf8 Bxf5
34. Qh5+ Kg8 35. Ne6 Bg6 36. Qf3 Qxb2 37. d6 Rb8 38. d7 Qd2 39. Rd1 Qc2 40.
d8=Q+ Rxd8 41. Rxd8+ 1-0

[Event "Titled Tuesday intern op 4th Aug 10am"]
[Site "Chess.com INT"]
[Date "2020.08.04"]
[Round "4"]
[White "Rakhmangulova, Anastasiya"]
[Black "Caruana, Fabiano"]
[Result "0-1"]
[WhiteElo "2191"]
[BlackElo "2835"]
[PlyCount "78"]
[EventDate "2020.08.04"]
[EventType "swiss (blitz)"]
[EventRounds "10"]
[EventCountry "USA"]
[SourceTitle "CBM 197 Extra"]
[Source "ChessBase"]
[SourceDate "2020.09.30"]
[SourceVersion "1"]
[SourceVersionDate "2020.09.30"]
[SourceQuality "1"]

1. e4 e6 2. d3 d5 3. Nd2 Nf6 4. Ngf3 Nc6 5. Be2 Bd6 6. O-O O-O 7. c3 Re8 8. Re1
a5 9. Bf1 e5 10. exd5 Nxd5 11. Nc4 Bg4 12. a4 Qf6 13. Be2 Rad8 14. h3 Bh5 15.
Bg5 Qe6 16. Bxd8 Rxd8 17. Ng5 Qg6 18. Bxh5 Qxg5 19. Qg4 Qf6 20. Nxd6 Qxd6 21.
Qg3 Nf4 22. Bf3 Ne7 23. Rad1 Nf5 24. Qh2 Nh4 25. Qg3 Nf5 26. Qh2 Nh4 27. Qg3
Qf6 28. d4 e4 29. Rxe4 g5 30. Re5 h6 31. Rde1 Kg7 32. Kh2 Nd3 33. R1e4 Nxe5 34.
Qxe5 Ng6 35. Qxf6+ Kxf6 36. Re1 c6 37. g3 Nf8 38. Re5 Ra8 39. Kg2 Ne6 0-1

[Event "Titled Tuesday intern op 4th Aug 10am"]
[Site "Chess.com INT"]
[Date "2020.08.04"]
[Round "5"]
[White "Caruana, Fabiano"]
[Black "Iskusnyh, Sergei"]
[Result "1-0"]
[WhiteElo "2835"]
[BlackElo "2473"]
[PlyCount "93"]
[EventDate "2020.08.04"]
[EventType "swiss (blitz)"]
[EventRounds "10"]
[EventCountry "USA"]
[SourceTitle "CBM 197 Extra"]
[Source "ChessBase"]
[SourceDate "2020.09.30"]
[SourceVersion "1"]
[SourceVersionDate "2020.09.30"]
[SourceQuality "1"]

1. e4 e6 2. d4 d5 3. Nc3 Nf6 4. e5 Nfd7 5. f4 c5 6. Nf3 Nc6 7. Be3 Rb8 8. Be2
Qa5 9. O-O b5 10. a3 b4 11. axb4 Qxb4 12. Qd2 cxd4 13. Nxd4 Nxd4 14. Bxd4 Bc5
15. Bxc5 Qxc5+ 16. Kh1 O-O 17. b3 f6 18. Bg4 f5 19. Be2 a5 20. Bd3 Rb4 21. Ne2
Qb6 22. Nc1 Nc5 23. Qf2 Ba6 24. Bxa6 Qxa6 25. Re1 Ne4 26. Qe2 Qc6 27. Rxa5 Rc8
28. Nd3 Rb7 29. Qe3 Qc3 30. Ra6 Re7 31. h3 h6 32. Kh2 Kh7 33. Rea1 Rcc7 34.
R1a2 Nc5 35. R6a3 d4 36. Qf3 Ne4 37. Qe2 Qc6 38. Rb2 Nc3 39. Qe1 Qe4 40. Ra1 g5
41. fxg5 hxg5 42. b4 Kg6 43. Nc5 Qd5 44. Ra6 Ne4 45. Nxe4 Qxe5+ 46. Qg3 Qxe4
47. b5 1-0

[Event "Titled Tuesday intern op 4th Aug 10am"]
[Site "Chess.com INT"]
[Date "2020.08.04"]
[Round "6"]
[White "Bakalchuk, Johnatan"]
[Black "Caruana, Fabiano"]
[Result "1-0"]
[WhiteElo "2448"]
[BlackElo "2835"]
[PlyCount "57"]
[EventDate "2020.08.04"]
[EventType "swiss (blitz)"]
[EventRounds "10"]
[EventCountry "USA"]
[SourceTitle "CBM 197 Extra"]
[Source "ChessBase"]
[SourceDate "2020.09.30"]
[SourceVersion "1"]
[SourceVersionDate "2020.09.30"]
[SourceQuality "1"]

1. d4 Nf6 2. Nc3 d5 3. Bf4 a6 4. e3 e6 5. Nf3 c5 6. a3 Nc6 7. Bd3 b5 8. dxc5
Bxc5 9. O-O Bb7 10. e4 d4 11. Ne2 Ne7 12. b4 Bb6 13. Nexd4 O-O 14. c3 Nxe4 15.
Qc2 Nf6 16. Bg5 Ng6 17. h4 Qc7 18. Bxf6 gxf6 19. h5 Nf4 20. Be4 Rac8 21. Bxb7
Qxb7 22. Qd2 e5 23. Nf5 Rfd8 24. Qa2 Kh8 25. Nh6 Rc4 26. Rad1 Rf8 27. Qc2 Rxc3
28. Qf5 Rxf3 29. Qxf6# 1-0